000 00871nam a2200277Ia 4500
003 OSt
005 20221005062249.0
006 a|||||r|||| 00| 0
007 ta
008 221004b |||||||| |||| 00| 0 eng d
020 _a9780815386025 (pbk)
_cUKP 29.99
024 _a43569
037 _b262, 12/03/2019, Classic Book Service
_cTextual
040 _aCRL
_cCRL
_beng
041 _2eng
_aeng
082 _aT:f, Q8
100 _aQuay John Ed.
_9601609
245 0 _aTheory and philosophy in education research
_b methodological dialogues
260 _aLondon
_bRoutledge UK
_c2018
300 _axvii,176p.
_ccm.
650 _a PHILOSOPHY
650 _aEDUCATION
700 _a Bleazby Jennifer Ed.
_9601610
942 _hT:f, Q8
_cTEXL
_2cc
999 _c969415
_d969415